Funkčné vyšetrenie pľúc pred torakochirurgickými operáciami a resekciou pľúc

Podrobná bibliografia
Hlavný autor: Urban, Štefan (Autor)
Médium: Článok
Jazyk:slovenčina
PhysicalDescription:Tab.
ISSN:1213-810X
Predmet:

MARC

LEADER 00000nab a2200000 a 4500
001 vtls008415219
003 SK-MaSNL
005 20260303070243.0
008 141122c2005 xo 0 slo
015 |a SNBCL2005/5 
035 |a SLK033634 
040 |a SLKCL  |b slo  |c SNKBUCL  |e AACR2 
041 1 |a slo  |b eng  |b slo 
044 |a xo  |c SK 
080 |a 616.24-089:616-072  |2 1981 
100 1 |a Urban, Štefan  |u Klinika TBC a PCH FN a LFUK, Bratislava  |4 aut  |9 279858 
245 1 0 |a Funkčné vyšetrenie pľúc pred torakochirurgickými operáciami a resekciou pľúc  |c Š. Urban 
246 1 0 |a Pulmonary function testing before thoracic surgery and lung resection 
246 1 1 |a Pulmonary function testing before thoracic surgery and lung resection 
300 |b Tab. 
504 |a Res. angl., slov. 
504 |a Bibliogr. odkazy 
650 0 7 |a výkony chirurgické na pľúcach  |2 MESH  |9 1067440 
650 0 7 |a vyšetrenia respiračné funkčné  |x metódy  |2 MESH  |9 1067441 
650 0 7 |a test záťažový  |2 MESH  |9 1067442 
650 0 7 |a spirometria  |2 MESH  |9 18468 
650 0 7 |a analýza krvných plynov  |2 MESH  |9 1067443 
650 0 7 |a ergometria  |2 MESH  |9 17670 
650 0 7 |a vyšetrenia srdca, funkčné  |2 MESH  |9 1067444 
773 0 |t Studia pneumologica et phthiseologica  |g Roč. 65, č. 2 (2005), s. 60-67  |x 1213-810X 
850 |a Slovenská lekárska knižnica v Bratislave  |a BA006 
852 |a BA006  |b KIS3GCP  |b 000500000 
999 |c 1754534  |d 1756464